00621nam a2200169Ia 4500003000900000008004100009040001600050080001700066100003000083245009100113260002700204300001800231650009000249942000700339999001300346952009200359IN-BaIIA211028s9999 xx 000 0 eng d cIIA Library a521.1bPON-4 aPontecoulant, G. de91481 0aTheorie analytique du systeme du mondebtome quatrieme (in French)cG. de Pontecoulant aParisbBachelierc1846 axxviij, 664p. aAstronomy and Astrophysics Thesaurus; Celestial Mechanics; Astrometry; Archives91482 cBK c689d689 00104070aBANbKODcGENd0000-00-00l0o521.1/ PON-4p712r2021-11-05w0000-00-00yBK